Statistics for Homophone Doubles DOUBLED

Click here to take the quiz!

General Stats

  • This quiz has been taken 40 times
  • The average score is 9 of 15

Answer Stats

HintAnswer% Correct
Kills Santa's carriagesSlays sleighs
88%
Rabbit furHare hair
85%
Grape juice moanWine whine
85%
Principle horse hairMain mane
79%
Sea mammal cryWhale wail
79%
Boring aircraftPlain plane
76%
Helios' male childrenSun's sons
74%
Condemns water barriersDamns dams
68%
Ship canvases transactionsSails sales
65%
End part storyTail tale
56%
Steams charged moleculeIrons ions
38%
Opens awardPries prize
26%
Narcissistic turbine bladeVain vane
24%
Ground's faultsFloor's flaws
15%
Meat anteSteak stake
15%

Score Distribution

Percentile by Number Answered

Percent of People with Each Score

Your Score History

You have not taken this quiz